Teoretické aspekty řízení rizika internacionalizačního procesu malých a středních podniků
Pojem internacionalizácia. Internacionalizácia firiem. Riadenie rizík v internacionalizačnom procese.
Na minha lista:
| Autor principal: | |
|---|---|
| Formato: | Capítulo de Livro |
| Idioma: | tcheco |
| Assuntos: | |
| Tags: |
Sem tags, seja o primeiro a adicionar uma tag!
|
MARC
| LEADER | 00000naa a2200000 4500 | ||
|---|---|---|---|
| 001 | 0198857 | ||
| 005 | 20231204135137.1 | ||
| 041 | 0 | |a cze | |
| 044 | |a CZ | ||
| 245 | 1 | 0 | |a Teoretické aspekty řízení rizika internacionalizačního procesu malých a středních podniků |c Lea Kubíčková |
| 520 | |a Pojem internacionalizácia. Internacionalizácia firiem. Riadenie rizík v internacionalizačnom procese. | ||
| 610 | 2 | 0 | |a podnik malý |
| 610 | 2 | 0 | |a podnik stredný |
| 610 | 2 | 0 | |a internacionalizácia |
| 610 | 2 | 0 | |a riadenie rizík |
| 610 | 2 | 0 | |a risk management |
| 100 | 1 | |a Kubíčková, Lea | |